000 00283nam a2200109 a 4500
005 20200930073738.0
008 111005s2007 000 spa d
020 _a9781842777428
245 0 _aBipolar orders : the two Koreas since 1989.
260 _aLondon,
_c2007.
999 _c34009
_d34009
040 _aDO-SdBNP